Animated 'S' Verbs Quiz Stats

Quiz Updated Sep 12, 2014

Also try: Animated 'F' Verbs
Challenge
Share
Tweet
Score 0/26 Timer 08:00
2 Plays Today
% Correct
Shaving
99.8%
Sipping
95.6%
Steaming
92.3%
Sewing
91.9%
Shrugging
91.3%
Shaking
91.3%
Staring
91.1%
Snatching
91%
Sitting
91%
Skateboarding
90.5%
Slipping
90.2%
Smirking
89.9%
Swatting, Smacking, etc.
89.7%
% Correct
Shushing
89.7%
Strumming
89.2%
Shooting
89.1%
Squirting
89.1%
Screaming
87.8%
Scooping
87.1%
Shining
84.2%
Swigging
81.7%
Sculpting
81.7%
Stroking
80.5%
Squinting
79.3%
Shopping
76.8%
Sliding
71.5%

You're not logged in!

Compare scores with friends on all Sporcle quizzes.
Join for Free
OR
Log In

You Might Also Like...

Show Comments

Extras

Top Quizzes Today


Score Distribution

Your Account Isn't Verified!

In order to create a playlist on Sporcle, you need to verify the email address you used during registration. Go to your Sporcle Settings to finish the process.

Report this User

Report this user for behavior that violates our Community Guidelines.

Details: